000 00589nam a22001697a 4500
003 OSt
005 20171010095518.0
008 120815t xxu||||| |||| 00| 0 eng d
040 _aMMSU
_cULS
100 _aDemandante, Sosima R.
_912178
245 _aImpact assessment of the swine dispersal program of the Mariano Marcos State University
_cSosima R. Demadante
260 _c2000
300 _axv, 112 leaves
_c28 cm.
500 _aThesis (MS Rural Development) -- Mariano Marcos State University-Graduate School, Laoag City
504 _aBibliography: leaves 93-95
942 _2ddc
_cTHEDIS
999 _c9747
_d9747